Central Library OPAC University of Rajshahi

দার্শনিকদের গল্প / (Record no. 79969)

MARC details
000 -LEADER
fixed length control field 00841nam a2200253 a 4500
001 - CONTROL NUMBER
control field 79969
003 - CONTROL NUMBER IDENTIFIER
rucl marc code BD-RjUL
005 - DATE AND TIME OF LATEST TRANSACTION
control field 20220919125353.0
008 - FIXED-LENGTH DATA ELEMENTS--GENERAL INFORMATION
fixed length control field 220614r20192016bg ||||| |||| 00| 0 ben d
020 ## - INTERNATIONAL STANDARD BOOK NUMBER
International Standard Book Number 9847000002853 (Vol.1)
International Standard Book Number 9847000002501 (Vol.2)
035 ## - SYSTEM CONTROL NUMBER
System control number (BD-RjUL)79969
040 ## - CATALOGING SOURCE
Original cataloging agency BD-RjUL
Language of cataloging eng
Transcribing agency BD-RjUL
041 ## - LANGUAGE CODE
Language code of text/sound track or separate title ben
082 ## - DEWEY DECIMAL CLASSIFICATION NUMBER
Edition number 23
Classification number 100
Author mark and year BED 2019
100 ## - MAIN ENTRY--PERSONAL NAME
Personal name বেগম, হাসনা
9 (RLIN) 1502
245 ## - TITLE STATEMENT
Title দার্শনিকদের গল্প /
Statement of responsibility, etc. হাসনা বেগম
260 ## - PUBLICATION, DISTRIBUTION, ETC. (IMPRINT)
Place of publication, distribution, etc. ঢাকা :
Name of publisher, distributor, etc. জাতীয় সাহিত্য প্রকাশ,
Date of publication, distribution, etc. ২০১৬, ২০১৯
300 ## - PHYSICAL DESCRIPTION
Pagination খণ্ড ;
Size ২২ সেমি.
505 01 - FORMATTED CONTENTS NOTE
Formatted contents note খণ্ড ১ম -- খণ্ড ২য়
650 ## - SUBJECT ADDED ENTRY--TOPICAL TERM
Topical term or geographic name as entry element দর্শন
Topical term or geographic name as entry element Philosophy
942 ## - ADDED ENTRY ELEMENTS (KOHA)
Source of classification or shelving scheme Dewey Decimal Classification
Koha item type Books
Holdings
Lost status Source of classification or shelving scheme Damaged status Not for loan Collection code Permanent Location Current Location Shelving location Date acquired Source of acquisition Cost, normal purchase price Full call number Date last seen Copy number Koha item type Total Checkouts Date checked out
  Dewey Decimal Classification   Not For Loan Non-fiction Central Library, University of Rajshahi Central Library, University of Rajshahi Reading Room 17/04/2022 Jatiya Sahitya Prakash, Dhaka 189.00 B 100 BED V-2 2019 14/06/2022 C-1 Books    
  Dewey Decimal Classification     Non-fiction Central Library, University of Rajshahi Central Library, University of Rajshahi General Stacks 17/04/2022 Jatiya Sahitya Prakash, Dhaka 189.00 B 100 BED V-2 2019 28/02/2024 C-2 Books 2 28/02/2024
  Dewey Decimal Classification   Not For Loan Non-fiction Central Library, University of Rajshahi Central Library, University of Rajshahi Reading Room 17/04/2022 Jatiya Sahitya Prakash, Dhaka 157.50 B 100 BED V-1 2016 14/06/2022 C-1 Books    
  Dewey Decimal Classification     Non-fiction Central Library, University of Rajshahi Central Library, University of Rajshahi General Stacks 17/04/2022 Jatiya Sahitya Prakash, Dhaka 157.50 B 100 BED V-1 2016 22/02/2023 C-2 Books 3 07/02/2023